| 000 | 01565nam0a22003131 4500 | ||
|---|---|---|---|
| 001 | rc\4701912 | ||
| 005 | 20130416211530.6 | ||
| 021 |
_aRU _b[60-4544] |
||
| 035 | _a(NLR Aleph) 008718965 | ||
| 090 |
_a9405606 _c9405606 |
||
| 100 | _a20130416d1959 |||y0rusy50 ca | ||
| 101 | 0 | _arus | |
| 102 | _aRU | ||
| 105 | _aa z ||||| | ||
| 200 | 1 | _aЦилиндрические шунты тока | |
| 210 |
_aМосква _cБ. и. _d1959 |
||
| 215 |
_a18 с. _cчерт. _d26 |
||
| 225 | 1 |
_aПередовой научно-технический и производственный опыт _vТема 35 _iПриборы для измерения электрических и магнитных величин _v№ П-59-155/19 |
|
| 300 | _aПеред загл. авт.: д-р техн. наук И.С. Стекольников, Г.А. Саркисов | ||
| 423 | 0 |
_11010#$arus _12001#$aБезынерционный датчик тока$fГос. науч.-техн. ком. Совета Министров РСФСР. Центр. ин-т техн.-экон. информации _1700#1$aГаврилов$bИ.В.$gИгорь Васильевич _1701#1$aПопов$bП.И.$gПетр Илларионович |
|
| 606 |
_aДатчик тока _2psbo |
||
| 606 |
_aШунты _2psbo |
||
| 700 | 1 |
_aСтекольников _bИ. С. _f1905- _gИлья Самуилович |
|
| 701 | 1 |
_aСаркисов _bГ. А. _gГеннадий Акопович |
|
| 801 | 0 |
_aRU _bNLR _gpsbo |
|
| 801 | 1 |
_aRU _bELAR _2rusmarc |
|
| 852 |
_aNLR _jП11/1555 |
||
| 942 | _cBOOK | ||
| 980 | _aNB | ||